=LDR 00000nam 2200000 4500 =001 INLIS000000000036686 =005 20130612142446 =008 ***********************************IND** =035 ##$$0010-061300000036686 =041 ##$$a IND =082 ##$$a 390.598.41 =090 ##$$a 390.598.41, Sri =100 ##$$a Mintosih, Sri =245 ##$$a Tradisi dan Kebiasaan Makan Pada Masyarakat Tradisional di Kalimantan Barat =260 ##$$a Putra Sejati Rayac1997 $b Jakarta =300 ##$$a iv, 95 hlm, ilus, 21 cm =650 ##$$a Tata krama =850 ##$$a NBPNMAT